| 000 | 00641cam a22001934a 4500 | ||
|---|---|---|---|
| 020 | _a0849385784 (alk.) | ||
| 082 | 0 | 0 |
_a621.3121 _bIBB _cL-9,P-14 |
| 100 |
_aIbbetson, W. S. _941092 |
||
| 245 | 0 | 4 |
_aThe electric power engineering handbook _cIbbetson, W. S. |
| 250 | _a2nd | ||
| 260 |
_aBoca Raton, FL : _bCRC Press, _c1945. |
||
| 300 |
_a1 v. (various pagings) : _bill. ; _c26 cm. |
||
| 526 |
_a0 _b0 _c0 _d621_312100000000000_IBB |
||
| 650 | 0 |
_aElectric power production. _93401 |
|
| 650 | 0 |
_aMCE _9379 |
|
| 700 | 1 |
_aGrigsby, Leonard L. _941320 |
|
| 856 | 4 | 2 | _uhttp://www.loc.gov/catdir/enhancements/fy0646/00030425-d.html |
| 942 |
_2ddc _cBK |
||
| 999 |
_c545464 _d545464 |
||